| 000 | 00570nam a22001697a 4500 | ||
|---|---|---|---|
| 003 | MACL | ||
| 005 | 20160610120939.0 | ||
| 008 | 160610b xxu||||| |||| 00| 0 eng d | ||
| 040 | _cMACL | ||
| 041 | _aHindi | ||
| 082 | _a920 | ||
| 100 |
_aत्रिवेदी, हजारीप्रसाद _963734 |
||
| 245 |
_aबाणभटट की आत्मकथा _cहजारीप्रसाद त्रिवेदी |
||
| 260 |
_aपटना _bराजकमल प्रकाशन _c1946 |
||
| 650 |
_aAutobiography _963736 |
||
| 942 |
_2ddc _cHIN |
||
| 999 |
_c54262 _d54262 |
||